Ate-Vitarte : industria y movimiento sindical, 1975-1984 : (Record no. 13228)

000 -CABECERA
fixed length control field 00815nam a22002057a 4500
003 - IDENTIFICADOR DEL NÚMERO DE CONTROL
control field AR-CdUCM
008 - DATOS DE LONGITUD FIJA--INFORMACIÓN GENERAL
fixed length control field 190411b ||||| |||| 00| 0 spa d
040 ## - FUENTE DE LA CATALOGACIÓN
Agencia/entidad que catalogó originalmente la obra MUNICIPALIDAD PROVINCIAL DEL CUSCO
Entidad que transcribió la catalogación BIBLIOTECA MUNICIPAL DEL CUSCO
082 ## - NÚMERO DE LA CLASIFICACIÓN DECIMAL DEWEY
No. de Clasificación 331.88 /
Notacion interna IR68
100 ## - ENTRADA PRINCIPAL--NOMBRE DE PERSONA
Nombre Personal Irigoyen Alvizuri, Marina
245 ## - MENCIÓN DE TÍTULO
Título Ate-Vitarte : industria y movimiento sindical, 1975-1984 :
Resto del título documento de trabajo /
260 ## - PUBLICACIÓN, DISTRIBUCIÓN, ETC.
Lugar de publicación, distribución, etc. Lima :
Nombre de la editorial, distribuidor, etc. Ideas,
Fecha de publicación, distribución, etc. 1985
300 ## - DESCRIPCIÓN FÍSICA
Nº de Páginas Extensión 70 páginas ;
Otros detalles físicos Gráficos, ilustraciones,
Dimensiones 28 cm.
505 ## - NOTA DE CONTENIDO CON FORMATO
Nota de contenido formateada Contenido: Crecimiento y desarrollo en Ate-Vitarte en el siglo XX -- El proceso de crecimiento de la industria -- La crisis y la industria ...
650 ## - PUNTO DE ACCESO ADICIONAL DE MATERIA--TÉRMINO DE MATERIA
Descriptor Sindicatos
9 (RLIN) 2512
650 ## - PUNTO DE ACCESO ADICIONAL DE MATERIA--TÉRMINO DE MATERIA
Descriptor Perú - Lima
9 (RLIN) 2158
650 ## - PUNTO DE ACCESO ADICIONAL DE MATERIA--TÉRMINO DE MATERIA
Descriptor Ate-Vitarte
9 (RLIN) 31516
942 ## - ELEMENTOS DE PUNTO DE ACCESO ADICIONAL (KOHA)
Fuente de clasificación
Tipo de item Libros-BMC
945 ## - PROCESAMIENTO DE INFORMACIÓN LOCAL (OCLC)
Catalogador cmm
AAAA-MM-DD - Fecha de ingreso o modificacion 2019-04-11
Holdings
Estado de retiro (separado) Fuente de clasificación o esquema de estanterías Estado dañado Ubicación Sala donde se ubica Nombre de la colección Fecha de adquisición o compra Costo, precio normal en soles Signatura topográfica Código de Barras Última vez visto (Koha) Tipo de ítem (Koha)
No     Sala Humanidades Sala Humanidades Book Cart 2019-04-11 20.00 331.88 / IR68 SH0000010522 2019-04-11 Libros-BMC

Powered by Koha